MARC details
| 000 -CABECERA |
| campo de control de longitud fija |
01806nam a22002297a 4500 |
| 008 - DATOS DE LONGITUD FIJA--INFORMACIÓN GENERAL |
| campo de control de longitud fija |
250702b |||||||| |||| 00| 0 eng d |
| 020 ## - NÚMERO INTERNACIONAL ESTÁNDAR DEL LIBRO |
| Número Internacional Estándar del Libro |
9780349705033 |
| 040 ## - FUENTE DE LA CATALOGACIÓN |
| Centro/agencia transcriptor |
tbs |
| 041 ## - CÓDIGO DE LENGUA |
| Código de lengua del texto/banda sonora o título independiente |
eng |
| 100 ## - ENTRADA PRINCIPAL--NOMBRE DE PERSONA |
| Nombre de persona |
Senna, Danzy |
| 9 (RLIN) |
25611 |
| Término indicativo de función/relación |
author |
| 245 ## - MENCIÓN DE TÍTULO |
| Título |
Colored television |
| Mención de responsabilidad, etc. |
/ Danzy Senna. |
| 260 ## - PUBLICACIÓN, DISTRIBUCIÓN, ETC. |
| Lugar de publicación, distribución, etc. |
London, |
| Nombre del editor, distribuidor, etc. |
Dialogue Books, |
| Fecha de publicación, distribución, etc. |
2024. |
| 300 ## - DESCRIPCIÓN FÍSICA |
| Extensión |
276 pages : |
| Dimensiones |
24 cm. |
| 520 ## - SUMARIO, ETC. |
| Sumario, etc. |
Jane has high hopes that her life is about to turn around. After a long, precarious stretch bouncing among sketchy rentals and sublets, she and her family are living in luxury for a year, house-sitting in the hills above Los Angeles. The gig magically coincides with Jane's sabbatical, giving her the time and space she needs to finish her second novel-a centuries-spanning epic her artist husband, Lenny, dubs her "mulatto War and Peace." Finally, some semblance of stability and success seems to be within her grasp.<br/><br/>But things don't work out quite as hoped. Desperate for a plan B, like countless writers before her Jane turns her gaze to Hollywood. When she finagles a meeting with Hampton Ford, a hot producer with a major development deal at a streaming network, he seems excited to work with a "real writer," and together they begin to develop "the Jackie Robinson of biracial comedies." Things finally seem to be going right for Jane-until they go terribly wrong.<br/><br/>Funny, piercing, and page turning, Colored Television is Senna's most on-the-pulse, ambitious, and rewarding novel yet. |
| 650 #0 - PUNTO DE ACCESO ADICIONAL DE MATERIA--TÉRMINO DE MATERIA |
| Término de materia o nombre geográfico como elemento de entrada |
Authors |
| Subdivisión de forma |
Fiction |
| 9 (RLIN) |
25626 |
| 650 #0 - PUNTO DE ACCESO ADICIONAL DE MATERIA--TÉRMINO DE MATERIA |
| Término de materia o nombre geográfico como elemento de entrada |
Life change events |
| Subdivisión de forma |
Fiction |
| 9 (RLIN) |
24020 |
| 650 #0 - PUNTO DE ACCESO ADICIONAL DE MATERIA--TÉRMINO DE MATERIA |
| Término de materia o nombre geográfico como elemento de entrada |
African American women |
| Subdivisión de forma |
Fiction |
| 9 (RLIN) |
24047 |
| 650 #0 - PUNTO DE ACCESO ADICIONAL DE MATERIA--TÉRMINO DE MATERIA |
| Término de materia o nombre geográfico como elemento de entrada |
Racially mixed people |
| Subdivisión de forma |
Fiction |
| 9 (RLIN) |
25627 |
| 650 #0 - PUNTO DE ACCESO ADICIONAL DE MATERIA--TÉRMINO DE MATERIA |
| Término de materia o nombre geográfico como elemento de entrada |
African Americans |
| Subdivisión general |
History |
| Subdivisión de forma |
Fiction |
| 9 (RLIN) |
25567 |
| 651 #0 - PUNTO DE ACCESO ADICIONAL DE MATERIA--NOMBRE GEOGRÁFICO |
| Nombre geográfico |
Los Angeles (California) |
| Subdivisión de forma |
Fiction |
| 9 (RLIN) |
24013 |
| 942 ## - ELEMENTOS DE ENTRADA AGREGADA (KOHA) |
| Fuente del sistema de clasificación o colocación |
Clasificación de Library of Congress |